Statistiques concernant Communes de la métropole de Grenoble

Cliquez ici pour prendre le quiz!

Statistiques générales

  • Ce quiz a été pris 661 fois
  • Le résultat moyen est 18 sur 49

Statistiques - réponses

PopulationCommune% Correct
36.840Echirolles
95%
158.454Grenoble
91%
38.487Saint-Martin-d'Hères
90%
17.129Meylan
81%
22.523Fontaine
80%
7.685Seyssins
77%
15.838Saint-Egreve
73%
10.185Eybens
68%
6.596La Tronche
67%
7.932Claix
64%
11.376Sassenage
63%
6.779Gières
61%
12.013Seyssinet-Pariset
60%
5.778Saint-Martin-le-Vinoux
58%
4.013Corenc
56%
10.435Le-Pont-de-Claix
54%
7.361Vizille
53%
8.532Vif
52%
6.745Domène
44%
2.168Poisat
38%
3.746Jarrie
37%
684Bresson
27%
2.223Noyarey
25%
1.226Champagnier
24%
2.710Fontanil-Cornillon
24%
8.250Varces-Allières-et-Risset
23%
3.007Champ-sur-Drac
22%
1.361Herbeys
21%
1.779Le Gua
20%
1.121Le Sappey-en-Chartreuse
20%
882Murianette
20%
729Venon
20%
1.438Veurey-Voroize
20%
2.556Brié-et-Angonnes
18%
2.173Saint-Paul-de-Varces
18%
1.282Vaulnaveys-le-Bas
18%
3.867Vaulnaveys-le-Haut
18%
893Quaix-en-Chartreuse
16%
2.276Saint-Georges-de-Commiers
16%
79Mont-Saint-Martin
13%
1.052Séchilienne
13%
189Sarcenas
12%
1.147Notre-Dame-de-Mésage
11%
507Proveysieux
11%
339Montchaboud
10%
518Notre-Dame-de-Commiers
10%
764Saint-Pierre-de-Mésage
10%
433Miribel-Lanchâtre
8%
433Saint-Barthélemy-de-Séchilienne
8%

Distribution des résultats

Percentile par nombre de réponses

% des personnes avec chaque résultat

Votre développement - résultats

Vous n’avez pas pris ce quiz